00769nam a2200181 a 450000100100000000500170001000800410002704000250006808200150009310000390010824501880014726000580033530000200039370000350041304900090044895201130045799900170057000002927220200930055436.0110414s1979 dr 000 0 spa d aDO-SdBNPbspacBNPHU axxxbL864p1 aLópez Delance, Bienvenido95616210aPeriodo de incubación en vida silvestre y en cautividad de la Tortola Rabiche ( Zenaida Macroura L.) en República Dominicana /cBienvenido López Delance, Miguel Antonio Delgado. aSanto Domingo :bUniversidad Central del Este,c1979. a10 p. ;c22 cm.1 aDelgado, Miguel Antonio956163 aBNPD 0010718PDaPDbPDcCTd2011-04-14iLF1l0oxxx L864pp29272-10r2020-06-25w2020-06-25yLFPDZNo se presta c28764d28764